Star Wars Movies by Rotten Tomatoes Rating - Statistics

General Stats
  • This quiz has been taken 31 times
  • The average score is 11 of 12
Answer Stats
% Star Wars Film % Correct
92 A New Hope
97%
82 Return of the Jedi
97%
91 The Last Jedi
97%
52 The Phantom Menace
97%
65 Attack of the Clones
93%
94 Empire Strikes Back
93%
80 Revenge of the Sith
93%
84 Rogue One
93%
70 Solo
90%
93 The Force Awakens
90%
52 Rise of Skywalker
87%
18 The Clone Wars
67%
No matching quizzes found
Score Distribution
Percent of People with Each Score
Percentile by Number Answered
Your Score History
You have not taken this quiz